00651nam a2200193 i 450000100060000000300090000600500170001500700030003200800410003508000140007610000290009024500530011926000500017230000360022265000380025885200220029699900170031895201220033561642ES-MaACL20250815122315.0t|031113s1972 sp a |||| | spa d a75.021.331 aFabrey, J. Henry.94857113aLa magia de los acrílicos / cJ. Henri Fabrey. aBarcelona : bLas Ediciones de Arte, c[1972] a95 p., 19 cm : bil. ; c27 cm. 7aPintura acrílica2embne9157676 aES-MaACLjC-43421 c61642d61642 00104070aATENEOMbATENEOMcDEPO2d2008-01-17eSCl0oC-43421p1064634r2023-02-23 00:00:00w2023-02-23yMONOGRAFIA